| 000 | 00738nam a2200217 i 4500 | ||
|---|---|---|---|
| 001 | 33726 | ||
| 003 | ES-MaACL | ||
| 005 | 20250822035017.0 | ||
| 007 | t| | ||
| 008 | 030203s1970 sp ||||1| spa d | ||
| 100 | 1 |
_aBissonnier, Henri. _929023 |
|
| 245 | 1 | 0 |
_aPsicopedagogía de la conciencia moral / _cHenri Bissonnier ; traducción de Antonio Echave. |
| 260 |
_aMadrid : _bMarova, _c[1970] |
||
| 300 |
_a247 p. ; _c21 cm. |
||
| 490 | 1 | _a"Christus Pastor". Experiencias y Estudios Pastorales | |
| 650 | 0 | 7 |
_aPsicología religiosa _2embne _916571 |
| 700 | 1 |
_aEchave, Antonio. _946514 |
|
| 830 | 0 |
_a"Christus Pastor". Experiencias y Estudios Pastorales _9220288 |
|
| 852 |
_aES-MaACL _jC-47556 _bR.75631 |
||
| 999 |
_c33726 _d33726 |
||